000 00828nam a22003017a 4500
001 BR8002624
003 BR-BrBNA
005 20230928090608.0
007 ta
008 230509b bl.||||| |||| 00| 0 por d
040 _aBR-BrBNA
_bpor
_cBiblioteca Nacional de Agricultura
041 _a(Por)
072 _aP05
090 _ P05 BR8002624
100 1 _aLenz, R.F.
110 1 _aHidraulica Industrial S.A., Joacaba, SC (Brasil)
_95530
245 1 _aBionergia metano a partir da biomassa e o biofertilizante no manejo ecologico do solo
260 3 _aJoacaba, SC (Brasil):
_c[nd].
300 _a11 p.
500 _aPublished 1980?
650 _aRecurso energetico
650 _aMetanol
650 _aBiomassa
650 _aSolo
650 _aFertilizante
909 _a202309
_bLucia
_c55
_dLucia Elande
942 _cBK
999 _c29543
_d29543